000 01963cam a22006014i 4500
003 PE-LiUPU
005 20250731170433.0
008 150623s r 000 0 d
020 _a0802849598
035 _a(Sirsi) i9780802849595
040 _aPE-LiUPU
_bspa
_cPE-LiUPU
_erda
049 _aPRUA
082 0 4 _a174.25
_bK54
_221
100 1 _aKilner, John E.,
_eautor.
245 1 0 _aCutting-edgebioethics :
_ba christian exploration of technologies and trends /
_cJohn F. Kilner, C. Christopher Hook ed.
264 1 _aGrand Rapids, Michigan :
_bWilliam B. Eerdmans Publishing Company,
_c2002.
300 _a201 páginas ;
_c24 centímetros
336 _atext
_2rdacontent
337 _aunmediated
_2rdamedia
338 _avolume
_2rdacarrier
504 _aIncluye bibliografía al final de algunas páginas.
505 0 _aEmerging technologiesGrowing cultural challenges. The changin face of health care. Proactive perspectives.
526 _aSEG68
526 _aSEG70
526 _aSEG69
526 _aSEG67
526 _aSEG43
526 _aP144
526 _aP143
526 _aP131
526 _aP122
526 _aP120
526 _aP117
526 _aP112
526 _aP110
526 _aP106
526 _aP101
526 _aP80
526 _aP59
526 _aP54
526 _aP35
526 _aP33
526 _aP30
650 0 4 _aEtica médica.
650 0 4 _aInnovaciones médicas
_xAspectos morales y éticos.
650 0 4 _aMedicina
_xCristianismo.
942 _2ddc
_cBOOK
949 _a174.25 K54
_wDEWEY
_c1
_i53386
_lCCODEBUL1
_mBUL
_p22.00
_r0
_sY
_tBOOK
_u2015-6-24
_xTEOLOGIA
_PP35
_0COMPRA
_o.STAFF. Colección General
994 _aC0
_bPEPRU
596 _a1
999 _a174.25 K54
_wDEWEY
_c35354
_i53386
_f2021-11-9
_g5
_lCCODEBUL1
_mBUL
_p22.00
_r0
_sY
_tBOOK
_u2015-6-24
_xTEOLOGIA
_PP35
_0COMPRA
_o.STAFF. Colección General
_d35354
980 _81
_gALBERTO SANCHEZ Responsable de Automatización